000 00592nam a22002177a 4500
999 _c459757
_d459757
001 216218720
003 UA-OsUOA
005 20200630110428.0
008 200630b un ||||| |||| 00| 0 ukr d
040 _aUA-OsUOA
_bukr
_cUA-OsUOA
_dUA-OsUOA
041 _aukr
080 _a821.161.2
090 _a821.161.2
_bИ26
100 _aИгнатович Е. А
245 _aЗенитное братство Севастополя
_cЕ. А. Игнатович
260 _aКиев
_bПолитиздат
_c1986
300 _a260 с.
650 _2821
942 _2udc
_cBK
955 _a3